DAUGHTERS in industry : work, skills, and consciousness of women workers in Asia

Bibliographic Details
Corporate Author: Asian and Pacific Development Centre
Other Authors: Heyzer
Format: Book
Published: Kuala Lumpur : Asian and Pacific Development Centre , 1988
Subjects:

MARC

LEADER 00000cam a2200000 7i4500
001 0000002741
005 20040105.0
020 0 0 |a 9679995461 
090 0 0 |a 331.482095   |b DAU 1988 
245 0 0 |a DAUGHTERS in industry :   |b work, skills, and consciousness of women workers in Asia   |c edited by Noeleen Heyzer 
260 0 0 |a Kuala Lumpur :   |b Asian and Pacific Development Centre ,   |c 1988 
300 |a xii, 395 p. :   |b ill. ;   |c 22 cm. 
500 0 0 |a Includes bibliographical references (p. 385-395) 
650 0 0 |a Women   |x Employment   |z Asia 
650 0 0 |a Women   |x Employment   |z Asia, Southeastern 
650 0 0 |a Women   |z Asia, Southeastern   |x Economic conditions 
650 0 0 |a Women   |z Asia   |x Economic conditions 
700 0 1 |a Heyzer   |h Noeleen 
710 1 1 |a Asian and Pacific Development Centre 
998 |a JPSM 
999 |a 0000004437   |b Monograph   |c Open Shelf   |e Default branch